Franklin dice una mentira (Registro nro. 183748)

Detalles MARC
000 -ENCABEZADO
Número de control [NR] 00738 a2200193 4500
005 - FECHA Y HORA DE LA ÚLTIMA TRANSACCIÓN
control field 20180312141954.0
008 - DE LONGITUD FIJA DE DATOS DE ELEMENTOS - INFORMACIÓN GENERAL
Elementos de longitud fija [NR] 131119s2001 ck a br|||| 00| 0 spa d
020 ## - NUMERO INTERNACIONAL NORMALIZADO PARA LIBROS [R]
Número Internacional Normalizado del libro [NR] 9580449902
040 ## - FUENTE DE CATALOGACION [NR]
Agencia de catalogación original [NR] CO-BoUCM
Idioma de catalogación [NR] spa
Quien Cataloga Jose A. Gerena
Quien Clasifica [Nuevo]
041 00 - CODIGO DE IDIOMA [R]
Código de idioma para texto/pista de sonido o título separado [R] Español
100 1# - ASIENTO PRINCIPAL--NOMBRE PERSONAL [NR]
Nombre personal [NR] Bourgeois, Paulette
ID Autoridad 49457
245 10 - MENCION DE TITULO [NR]
Título [NR] Franklin dice una mentira
Mención de responsabilidad, etc. [NR] Paulette bourgeois ; ilustraciones de Brenda Clark ; traducción de Ana Cristina Robledo
260 ## - PUBLICACION, DISTRIBUCION, ETC. (PIE DE IMPRENTA) [R]
Fecha de publicación, distribución, etc. [R] 2001
Nombre del editor, distribuidor, etc. [R] Norma
Lugar de publicación, distribución, etc. [R] Bogotá (Colombia)
300 ## - DESCRIPCION FISICA [R]
Extensión [R] [32] páginas
Otros detalles físicos [NR] ilustraciones a color
490 ## - MENCION DE SERIE [R]
Mención de serie [R] Días felices con Franklin
700 1# - ASIENTO SECUNDARIO - NOMBRE PERSONAL [R]
Nombre personal [NR] Clark, Brenda
Término de relación [R] ilustrador
9 (RLIN) 50642
700 1# - ASIENTO SECUNDARIO - NOMBRE PERSONAL [R]
Nombre personal [NR] Robledo, Ana Cristina
Término de relación [R] traductor
9 (RLIN) 50855
942 ## - ELEMENTOS DE ENTRADA AGREGADOS (KOHA)
Tema principal Literatura
Tipo de ítem principal el descrito en 300a Libro
Edición 1
Parte restante de la signatura top. B772
Sistema de clasificación DEWEY
Clasificación 819.1
Título oculto en OPAC No
Existencias
Fecha de último préstamo Total préstamos Total Renewals Signatura topográfica Código de barras Última vez visto Ejemplar Costo de reposición Price effective from Tipo de ítem Nota pública (OPAC) Perdido Sistema de clasificación Dañado No prestable Tipo de ítem específico Suprimido Ubicación habitual Ubicación actual Localización Fecha de creación Proveedor Forma de adquisición Costo
01/08/2024 1 1 813.54 B772di 200027142 11/12/2025 Ej.1 26000.00 02/08/2013 Libro Spot Literatura Infantil   DEWEY     Libro   Quinta de Mutis Quinta de Mutis Mezanecs 02/08/2013 12 Donación 0.00